Archaeological and Anthropological Perspectives on the Native Peoples of Pampa, Patagonia, and Tierra del Fuego to the Nineteenth Century.
Zapisane w:
| Kolejni autorzy: | , |
|---|---|
| Format: | Książka |
| Wydane: |
Westport, USA:
Bergin & Garvey,
2002.
|
| Seria: | Native Peoples of the Americas
|
| Hasła przedmiotowe: | |
| Etykiety: |
Dodaj etykietę
Nie ma etykietki, Dołącz pierwszą etykiete!
|
MARC
| LEADER | 00000nam a22000007a 4500 | ||
|---|---|---|---|
| 003 | CL-VaPUC | ||
| 005 | 20250103123757.0 | ||
| 008 | 241210t2002 ||||| |||| 00| 0 eng d | ||
| 999 | |c 446249 |d 446247 | ||
| 020 | |a 0-89789-584-3 | ||
| 022 | |a 1521-5091 | ||
| 040 | |c Pontificia Universidad Católica de Valparaíso | ||
| 082 | |a 982.00498 BRI 2002 | ||
| 100 | 1 | |a Briones, Claudia |e editor |9 894716 | |
| 245 | |a Archaeological and Anthropological Perspectives on the Native Peoples of Pampa, Patagonia, and Tierra del Fuego to the Nineteenth Century. | ||
| 260 | |a Westport, USA: |b Bergin & Garvey, |c 2002. | ||
| 300 | |a 200 páginas. | ||
| 490 | |a Native Peoples of the Americas | ||
| 500 | |a c.1 Donación PIIE 2-12-2024 | ||
| 583 | |c 20241210 |k Catalogador Asistente | ||
| 650 | 0 | |a Indios de América del Sur |z Argentina |9 255272 |x Historia | |
| 650 | 0 | |a Indios de América del Sur |z Patagonia (Argentina y Chile) |9 255272 |x Historia | |
| 650 | 0 | |a Indios de América del Sur |z Tierra del fuego (Argentina y Chile) |x Historia |9 894717 | |
| 651 | 0 | |a Patagonia (Argentina y Chile) |9 262193 |x Condiciones sociales | |
| 651 | 0 | |a Tierra del Fuego (Argentina y Chile) |9 345728 |x Condiciones sociales | |
| 700 | |a Lanata, José Luis |e editor |9 894718 | ||
| 942 | |2 ddc |c BK | ||
| 952 | |0 0 |1 0 |2 ddc |4 0 |6 982_004980000000000_BRI_2002 |7 0 |8 A |9 598590 |a BIBHIS |b BIBHIS |d 2024-12-10 |e Donación |i 5663531 |o 982.00498 BRI 2002 |p 5663531 |r 2025-01-20 |t 1 |w 2024-12-10 |y BK |k HIS | ||